000
00258nam a2200109Ia 4500
008
220204s9999 xx 000 0 und d
082
_a
917.47
_b
HER
100
_a
Hermann, Bernard
245
0
_a
New York
260
_a
Tahiti
_b
Harry N Abrams
_c
1977
942
_c
BK
999
_c
35395
_d
35395